Helyzetkép a szlovákiai magyar irodalomról a század végén

Podrobná bibliografia
Hlavný autor: Grendel, Lajos, 1948-2018 (Autor)
Médium: Článok
Jazyk:maďarčina
slovenčina
Predmet:

MARC

LEADER 00000nab a2200000 a 4500
001 vtls000627945
003 SK-MaSNL
005 20260319075830.0
008 160314c1997 xo 0 hun
015 |a SNBRB19rr/mm-uuuuu 
035 |a CL0628084 
040 |a SNKBUCL  |b slo  |c SNKBUCL  |e AACR2 
041 0 |a slo 
044 |a xo  |c SK 
080 |a 82(091):894.511 (437.6)"19"  |2 1981 
080 |a 894.511 (437.6)(091)"19"  |2 1981 
100 1 |a Grendel, Lajos,  |d 1948-2018  |4 aut  |9 185584 
245 1 0 |a Helyzetkép a szlovákiai magyar irodalomról a század végén  |c Lajos Grendel 
650 0 7 |a literatúra maďarská  |z Slovensko  |y stor. 20.  |2 snkbucl  |9 901798 
773 0 |t Irodalmi szemle  |g Roč. 40, č. 5 (1997), s. 32-47 
850 |a Slovenská národná knižnica v Martine  |a DSG001 
852 |a SNK  |b KIS3GCP 
958 |a HU 
958 |a LX 
958 |a SK 
958 |a RK 
958 |a RBX 
999 |c 1429113  |d 1431043